[Event "BL2-Nord 0708"]
[Site "Germany"]
[Date "2008.04.06"]
[Round "8.6"]
[White "Steffens, Olaf"]
[Black "Bleis, Christian"]
[Result "1-0"]
[WhiteElo "2280"]
[BlackElo "2256"]
[PlyCount "113"]
[EventDate "2007.10.21"]
[EventType "team-tourn"]
[EventRounds "9"]
[EventCountry "GER"]
[SourceTitle "EXT 2009"]
[Source "ChessBase"]
[SourceDate "2008.11.26"]
[SourceVersion "1"]
[SourceVersionDate "2008.11.26"]
[SourceQuality "1"]
[WhiteTeam "Werder Bremen  II"]
[BlackTeam "Goettingen Tempo"]
[WhiteTeamCountry "GER"]
[BlackTeamCountry "GER"]

1. e4 c6 2. Nc3 d5 3. g3 dxe4 4. Nxe4 g6 5. Nf3 Bg7 6. Bg2 Nf6 7. Nxf6+ Bxf6 8. d4 0-0 9. 0-0 Bg4 10. c3 Qc8 11. Re1 Na6 12. Bf4 Re8 13. Qd2 Bg7 14. Bh6 Bxf3 15. Bxf3 Qf5 16. Kg2 Bxh6 17. Qxh6 Nc7 18. Re4 Qf6 19. Rae1 e6 20. h4 Nd5 21. Re5 Qg7 22. Qd2 Nb6 23. Qe2 h6 24. b3 Rad8 25. a4 Re7 26. a5 Nd7 27. Re3 Nf6 28. Qb2 Rc7 29. Re5 Nd7 30. R5e2 Nf6 31. Qc1 Nd5 32. Re5 Ne7 33. Qf4 Rcd7 34. Rc5 Nd5 35. Bxd5 exd5 36. a6 Rc8 37. axb7 Rxb7 38. b4 Qh7 39. Qf6 Rbc7 40. h5 Qg7 41. Qf4 gxh5 42. Re5 Qg6 43. c4 Kg7 44. cxd5 cxd5 45. Rcxd5 Rb7 46. b5 a6 47. bxa6 Qxa6 48. Rxh5 Rb1 49. Kh2 Rcc1 50. Qe5+ Kh7 51. Qe4+ Kg7 52. Rhf5 Re1 53. Rxf7+ Kxf7 54. Rd7+ Kf8 55. Qf5+ Kg8 56. Qf7+ Kh8 57. Qg7# 1-0

[Event "BL2-Nord 0708"]
[Site "Germany"]
[Date "2007.11.25"]
[Round "3.5"]
[White "Bleis, Christian"]
[Black "Schlemermeyer, Wilhelm"]
[Result "1/2-1/2"]
[WhiteElo "2256"]
[BlackElo "2310"]
[PlyCount "52"]
[EventDate "2007.10.21"]
[EventType "team-tourn"]
[EventRounds "9"]
[EventCountry "GER"]
[SourceTitle "EXT 2009"]
[Source "ChessBase"]
[SourceDate "2008.11.26"]
[SourceVersion "1"]
[SourceVersionDate "2008.11.26"]
[SourceQuality "1"]
[WhiteTeam "Goettingen Tempo"]
[BlackTeam "Kreuzberg  II"]
[WhiteTeamCountry "GER"]
[BlackTeamCountry "GER"]

1. f4 g6 2. Nf3 d5 3. e3 Bg7 4. Be2 Nf6 5. 0-0 0-0 6. d3 c5 7. a4 Nc6 8. Ne5 Nxe5 9. fxe5 Ne8 10. d4 f6 11. dxc5 fxe5 12. e4 Rxf1+ 13. Bxf1 d4 14. Bc4+ Kh8 15. a5 Nf6 16. Bd3 Be6 17. b4 Ng4 18. h3 Ne3 19. Qe2 Bh6 20. Nd2 Qf8 21. Nf1 Qf4 22. g3 Qg5 23. h4 Qg4 24. Qxg4 Bxg4 25. Bxe3 dxe3 26. Re1 e2 1/2-1/2

[Event "Politiken Cup 29th"]
[Site "Copenhagen"]
[Date "2007.07.21"]
[Round "1"]
[White "Bleis, Christian"]
[Black "Tudvad, Mads"]
[Result "1-0"]
[WhiteElo "2246"]
[BlackElo "1873"]
[PlyCount "49"]
[EventDate "2007.07.21"]
[EventType "swiss"]
[EventRounds "10"]
[EventCountry "DEN"]
[SourceTitle "CBM 119 Extra"]
[Source "ChessBase"]
[SourceDate "2007.09.04"]
[SourceVersion "1"]
[SourceVersionDate "2007.09.04"]
[SourceQuality "1"]

1. d4 e6 2. c4 c5 3. d5 exd5 4. cxd5 d6 5. Nc3 Nf6 6. Nf3 Bf5 7. e4 Bg4 8. Qb3 Qc8 9. Nd2 a6 10. f3 Bd7 11. a4 a5 12. Nc4 Qc7 13. Bf4 Nh5 14. Bg5 f6 15. Be3 g6 16. g4 Ng7 17. h4 f5 18. gxf5 gxf5 19. h5 h6 20. 0-0-0 fxe4 21. fxe4 Bg4 22. Re1 Nd7 23. Nb5 Qb8 24. Rg1 Bxh5 25. Rxg7 1-0

[Event "Oberliga Nord W 0607"]
[Site "Germany"]
[Date "2006.12.10"]
[Round "4.3"]
[White "Bleis, Christian"]
[Black "Mossakowski, Florian"]
[Result "1/2-1/2"]
[WhiteElo "2236"]
[BlackElo "2339"]
[PlyCount "52"]
[EventDate "2006.10.15"]
[EventType "team-tourn"]
[EventRounds "9"]
[EventCountry "GER"]
[SourceTitle "EXT 2008"]
[Source "ChessBase"]
[SourceDate "2007.11.25"]
[SourceVersion "1"]
[SourceVersionDate "2007.11.25"]
[SourceQuality "1"]
[WhiteTeam "Hannover SF"]
[BlackTeam "Bremer SG"]
[WhiteTeamCountry "GER"]
[BlackTeamCountry "GER"]

1. d4 Nf6 2. c4 e6 3. Nc3 Bb4 4. Nf3 b6 5. Bg5 Bb7 6. Nd2 h6 7. Bh4 d5 8. cxd5 exd5 9. Qa4+ Nc6 10. e3 0-0 11. Bb5 Bxc3 12. bxc3 Nb8 13. Be2 Qd7 14. Qxd7 Nbxd7 15. f3 Rfc8 16. Nb3 a5 17. Rb1 Ba6 18. Nc1 c5 19. Bxf6 Nxf6 20. Rxb6 Bxe2 21. Nxe2 cxd4 22. Nxd4 Rxc3 23. Kd2 Rac8 24. Rb5 a4 25. Rb2 Nd7 26. Rc2 Rxc2+ 1/2-1/2

[Event "Oberliga Nord W 0607"]
[Site "Germany"]
[Date "2006.10.15"]
[Round "1.4"]
[White "Bleis, Christian"]
[Black "Valeinis, Janis"]
[Result "1/2-1/2"]
[WhiteElo "2236"]
[BlackElo "2208"]
[PlyCount "62"]
[EventDate "2006.10.15"]
[EventType "team-tourn"]
[EventRounds "9"]
[EventCountry "GER"]
[SourceTitle "EXT 2008"]
[Source "ChessBase"]
[SourceDate "2007.11.25"]
[SourceVersion "1"]
[SourceVersionDate "2007.11.25"]
[SourceQuality "1"]
[WhiteTeam "Hannover SF"]
[BlackTeam "Goettingen"]
[WhiteTeamCountry "GER"]
[BlackTeamCountry "GER"]

1. d4 Nf6 2. c4 g6 3. Nc3 Bg7 4. e4 d6 5. Bd3 0-0 6. Nge2 c5 7. d5 e6 8. 0-0 Ng4 9. h3 Ne5 10. Nf4 Nxd3 11. Qxd3 exd5 12. Nfxd5 Nc6 13. Qg3 a6 14. Bg5 f6 15. Bf4 Ne5 16. b3 Rb8 17. Rad1 Re8 18. Rd2 b5 19. Rfd1 b4 20. Na4 Bd7 21. Bxe5 Rxe5 22. Ne3 Bxa4 23. Rxd6 Qe8 24. bxa4 Rxe4 25. Rxa6 f5 26. Qd6 Bd4 27. Qc6 Qxc6 28. Rxc6 Ra8 29. Nc2 Rxa4 30. Nxd4 Rxd4 31. Re1 Rd7 1/2-1/2

[Event "Politiken Cup 27th"]
[Site "Copenhagen"]
[Date "2005.07.21"]
[Round "7"]
[White "De Firmian, Nick E"]
[Black "Bleis, Christian"]
[Result "1-0"]
[WhiteElo "2555"]
[BlackElo "2271"]
[PlyCount "59"]
[EventDate "2005.07.16"]
[EventType "swiss"]
[EventRounds "10"]
[EventCountry "DEN"]
[SourceTitle "CBM 107 Extra"]
[Source "ChessBase"]
[SourceDate "2005.09.01"]
[SourceVersion "1"]
[SourceVersionDate "2005.09.01"]
[SourceQuality "1"]

1. e4 c5 2. Nf3 d6 3. d4 cxd4 4. Nxd4 Nf6 5. Nc3 g6 6. Be3 Bg7 7. f3 0-0 8. Qd2 Nc6 9. 0-0-0 Bd7 10. g4 Ne5 11. Kb1 Rc8 12. h4 Qa5 13. Be2 Be6 14. Nb3 Qc7 15. h5 b5 16. Nxb5 Qb7 17. N5d4 Bc4 18. Na5 Qa6 19. Nxc4 Nxc4 20. Bxc4 Rxc4 21. hxg6 hxg6 22. c3 Rb8 23. Bh6 Bh8 24. Bf8 Rxf8 25. Rxh8+ Kxh8 26. Qh6+ Kg8 27. Rh1 Nh5 28. Rxh5 gxh5 29. Nf5 hxg4 30. Nxe7# 1-0

[Event "EU-ch 6th"]
[Site "Warsaw"]
[Date "2005.06.23"]
[Round "6"]
[White "Lagowski, Patryk"]
[Black "Bleis, Christian"]
[Result "1-0"]
[WhiteElo "2393"]
[BlackElo "2258"]
[PlyCount "72"]
[EventDate "2005.06.18"]
[EventType "swiss"]
[EventRounds "13"]
[EventCountry "POL"]
[SourceTitle "CBM 108"]
[Source "ChessBase"]
[SourceDate "2005.09.26"]
[SourceVersion "1"]
[SourceVersionDate "2005.09.26"]
[SourceQuality "1"]

1. d4 f5 2. c4 e6 3. Nf3 Nf6 4. Qc2 Bb4+ 5. Bd2 Be7 6. Nc3 d5 7. Bf4 c6 8. e3 0-0 9. Bd3 Ne4 10. g4 Na6 11. a3 Nxc3 12. bxc3 dxc4 13. Bxc4 b5 14. Bd3 Qd5 15. e4 fxe4 16. Bxe4 Rxf4 17. Bxd5 exd5 18. Ne5 Re4+ 19. Kf1 Rxe5 20. dxe5 Bxg4 21. Rg1 Bh3+ 22. Ke2 Rf8 23. Qd3 Bf5 24. Qg3 Bg6 25. Qh3 Nc5 26. Rxg6 hxg6 27. Rg1 g5 28. f3 a5 29. Qg4 g6 30. h4 Rf5 31. h5 Kg7 32. hxg6 Kxg6 33. Rh1 Rxe5+ 34. Kd1 Bf6 35. Qh5+ Kf5 36. Qh7+ Kf4 1-0

[Event "EU-ch 6th"]
[Site "Warsaw"]
[Date "2005.06.20"]
[Round "3"]
[White "Firman, Nazar"]
[Black "Bleis, Christian"]
[Result "1-0"]
[WhiteElo "2471"]
[BlackElo "2258"]
[PlyCount "77"]
[EventDate "2005.06.18"]
[EventType "swiss"]
[EventRounds "13"]
[EventCountry "POL"]
[SourceTitle "CBM 108"]
[Source "ChessBase"]
[SourceDate "2005.09.26"]
[SourceVersion "1"]
[SourceVersionDate "2005.09.26"]
[SourceQuality "1"]

1. e4 c5 2. Nf3 d6 3. d4 cxd4 4. Nxd4 Nf6 5. Nc3 g6 6. Be3 Bg7 7. f3 0-0 8. Qd2 Nc6 9. Bc4 Bd7 10. h4 Ne5 11. Bb3 Qa5 12. 0-0-0 Rfc8 13. h5 Nxh5 14. Nd5 Qxd2+ 15. Rxd2 Kf8 16. g4 Nf6 17. Rdh2 Nexg4 18. fxg4 Nxg4 19. Rxh7 e6 20. Bf4 exd5 21. Bxd6+ Kg8 22. Bxd5 Bc6 23. Ne6 Bh6+ 24. R7xh6 Nxh6 25. Nc7 Rxc7 26. Bxc7 Kg7 27. Be5+ f6 28. Bxf6+ Kxf6 29. Rxh6 Bxd5 30. exd5 Ke5 31. c4 Rc8 32. b3 b5 33. Rxg6 bxc4 34. Rc6 Rxc6 35. dxc6 Kd6 36. bxc4 Kxc6 37. Kc2 Kc5 38. Kc3 a5 39. a4 1-0

[Event "EU-ch 6th"]
[Site "Warsaw"]
[Date "2005.06.19"]
[Round "2"]
[White "Grabarczyk, Miroslaw"]
[Black "Bleis, Christian"]
[Result "1/2-1/2"]
[WhiteElo "2487"]
[BlackElo "2258"]
[PlyCount "51"]
[EventDate "2005.06.18"]
[EventType "swiss"]
[EventRounds "13"]
[EventCountry "POL"]
[SourceTitle "CBM 108"]
[Source "ChessBase"]
[SourceDate "2005.09.26"]
[SourceVersion "1"]
[SourceVersionDate "2005.09.26"]
[SourceQuality "1"]

1. d4 f5 2. c4 e6 3. Nf3 Nf6 4. g3 Be7 5. Bg2 0-0 6. 0-0 d6 7. Nc3 Ne4 8. Qc2 Nxc3 9. bxc3 Nc6 10. d5 Na5 11. Nd4 e5 12. Ne6 Bxe6 13. dxe6 c6 14. Bh3 g6 15. Bh6 Rf6 16. e4 fxe4 17. Qxe4 Qb6 18. Bg5 Qc5 19. Bxf6 Bxf6 20. Rab1 Nxc4 21. Rfd1 b5 22. Bf1 d5 23. Qg4 Nd6 24. Qb4 Ne4 25. Qxc5 Nxc5 26. Bxb5 1/2-1/2

[Event "EU-ch 6th"]
[Site "Warsaw"]
[Date "2005.06.18"]
[Round "1"]
[White "Bleis, Christian"]
[Black "Gagunashvili, Merab"]
[Result "0-1"]
[WhiteElo "2258"]
[BlackElo "2547"]
[PlyCount "94"]
[EventDate "2005.06.18"]
[EventType "swiss"]
[EventRounds "13"]
[EventCountry "POL"]
[SourceTitle "CBM 108"]
[Source "ChessBase"]
[SourceDate "2005.09.26"]
[SourceVersion "1"]
[SourceVersionDate "2005.09.26"]
[SourceQuality "1"]

1. d4 d6 2. c4 e5 3. Nf3 exd4 4. Nxd4 g6 5. g3 Bg7 6. Bg2 Ne7 7. 0-0 0-0 8. Nc3 Nbc6 9. Be3 Ne5 10. b3 Ng4 11. Qd2 Nxe3 12. Qxe3 Re8 13. Qd2 Rb8 14. Rac1 Nf5 15. Nxf5 Bxf5 16. e3 a6 17. Nd5 c6 18. Nf4 Qc7 19. Rfe1 Rbd8 20. h3 Qb6 21. Kh2 a5 22. Bf3 Qc5 23. Ne2 Bc8 24. Bg2 Qa3 25. Nc3 Qb4 26. Red1 Bf5 27. Na4 h5 28. Bf3 Be5 29. Kg2 Kg7 30. g4 hxg4 31. hxg4 Be6 32. Qxb4 axb4 33. Nb6 Rh8 34. Rh1 g5 35. Rxh8 Rxh8 36. Rh1 Rxh1 37. Kxh1 Kf8 38. Be2 Ke7 39. Kg2 Kd8 40. e4 Bd4 41. Nd5 cxd5 42. cxd5 Bd7 43. Kf1 Kc7 44. Bd1 Kb6 45. Bf3 Kc5 46. Bd1 Bb5+ 47. Ke1 Bc3# 0-1

[Event "Politiken Cup 26th"]
[Site "Copenhagen"]
[Date "2004.07.29"]
[Round "7"]
[White "Bleis, Christian"]
[Black "Holst, Conny"]
[Result "1/2-1/2"]
[WhiteElo "2261"]
[BlackElo "2141"]
[PlyCount "80"]
[EventDate "2004.07.24"]
[EventType "swiss"]
[EventRounds "10"]
[EventCountry "DEN"]
[SourceTitle "CBM 101 Extra"]
[Source "ChessBase"]
[SourceDate "2004.09.01"]
[SourceVersion "2"]
[SourceVersionDate "2004.09.01"]
[SourceQuality "1"]

1. d4 Nf6 2. c4 g6 3. Nc3 Bg7 4. e4 d6 5. Bd3 0-0 6. Nge2 e5 7. d5 Na6 8. Bc2 Nb4 9. Ba4 a5 10. 0-0 Nh5 11. a3 Na6 12. Bc2 f5 13. exf5 gxf5 14. Ng3 Nxg3 15. fxg3 Nc5 16. Qh5 Qf6 17. Be3 Qg6 18. Qe2 Bd7 19. Rf2 a4 20. Raf1 e4 21. Qd2 Rae8 22. Kh1 b6 23. Rf4 Bf6 24. g4 fxg4 25. Bxc5 Bxc3 26. Rxf8+ Rxf8 27. Rxf8+ Kxf8 28. bxc3 dxc5 29. Qf4+ Qf5 30. Qxf5+ Bxf5 31. Kg1 Ke7 32. Kf1 Kf6 33. Bxa4 Ke5 34. Ke2 Kf4 35. g3+ Ke5 36. Ke3 Bc8 37. Bc2 Bf5 38. Bd1 Bc8 39. Be2 Bd7 40. Bd1 Bc8 1/2-1/2

[Event "Politiken Cup 26th"]
[Site "Copenhagen"]
[Date "2004.07.25"]
[Round "3"]
[White "Bleis, Christian"]
[Black "Johannessen, Leif Erlend"]
[Result "1/2-1/2"]
[WhiteElo "2261"]
[BlackElo "2538"]
[PlyCount "38"]
[EventDate "2004.07.24"]
[EventType "swiss"]
[EventRounds "10"]
[EventCountry "DEN"]
[SourceTitle "CBM 101 Extra"]
[Source "ChessBase"]
[SourceDate "2004.09.01"]
[SourceVersion "2"]
[SourceVersionDate "2004.09.01"]
[SourceQuality "1"]

1. d4 e6 2. Nf3 Nf6 3. c4 d5 4. Nc3 Be7 5. e3 0-0 6. Bd3 dxc4 7. Bxc4 c5 8. 0-0 a6 9. Bb3 Nc6 10. dxc5 Bxc5 11. Qe2 Qc7 12. h3 b5 13. a3 Bb7 14. Bd2 Rac8 15. Rac1 Bd6 16. Ng5 Qb6 17. Nce4 Be7 18. Bc3 Nxe4 19. Nxe4 e5 1/2-1/2

[Event "Liechtenstein op 22nd"]
[Site "Triesen"]
[Date "2004.05.15"]
[Round "2"]
[White "Bleis, Christian"]
[Black "Steinhagen, Dietrich"]
[Result "1-0"]
[WhiteElo "2263"]
[BlackElo "2009"]
[PlyCount "57"]
[EventDate "2004.05.14"]
[EventType "swiss"]
[EventRounds "9"]
[EventCountry "LIE"]
[SourceTitle "CBM 100 Extra"]
[Source "ChessBase"]
[SourceDate "2004.07.06"]
[SourceVersion "2"]
[SourceVersionDate "2004.07.06"]
[SourceQuality "1"]

1. d4 d5 2. Nf3 Nf6 3. Bf4 c6 4. e3 Bg4 5. Nbd2 e6 6. h3 Bxf3 7. Qxf3 Bd6 8. c3 Qe7 9. Bg5 Nbd7 10. e4 e5 11. exd5 exd4+ 12. Kd1 Ne5 13. Bxf6 gxf6 14. Qf5 dxc3 15. bxc3 cxd5 16. Bb5+ Kf8 17. Re1 Qd8 18. f4 Ng6 19. Re8+ Qxe8 20. Bxe8 Rxe8 21. g3 Kg7 22. Qxd5 Rd8 23. Qf3 Rhe8 24. Kc2 Re7 25. Ne4 Bb8 26. Rd1 Rde8 27. Nd6 Re2+ 28. Kb3 R8e6 29. Nf5+ 1-0

[Event "Oberliga Nord W 0304"]
[Site "Germany"]
[Date "2004.03.07"]
[Round "7.5"]
[White "Bleis, Christian"]
[Black "Heinemann, Ernst"]
[Result "0-1"]
[WhiteElo "2252"]
[BlackElo "2255"]
[PlyCount "64"]
[EventDate "2003.10.12"]
[EventType "team-tourn"]
[EventRounds "9"]
[EventCountry "GER"]
[SourceTitle "EXT 2005"]
[Source "ChessBase"]
[SourceDate "2004.11.15"]
[SourceVersion "1"]
[SourceVersionDate "2004.11.15"]
[SourceQuality "1"]
[WhiteTeam "Goettingen Tempo"]
[BlackTeam "Oldenburg Union"]
[WhiteTeamCountry "GER"]
[BlackTeamCountry "GER"]

1. d4 Nf6 2. c4 c5 3. d5 b5 4. cxb5 a6 5. f3 g6 6. e4 d6 7. a4 Bg7 8. Na3 0-0 9. Ne2 e6 10. Nc3 exd5 11. exd5 Bb7 12. Be2 Qe8 13. Bf4 Qe7 14. bxa6 Nxa6 15. Nab5 Rfd8 16. 0-0 Nxd5 17. Nxd5 Bxd5 18. Qxd5 Qxe2 19. Bg5 Nb4 20. Qb3 Qxb2 21. Qxb2 Bxb2 22. Rab1 f6 23. Bh4 g5 24. Rxb2 gxh4 25. Rd1 d5 26. Nc3 f5 27. Re2 d4 28. Nb5 Re8 29. Rxe8+ Rxe8 30. Nxd4 Rd8 31. Re1 Rxd4 32. Re8+ Kf7 0-1

[Event "Hastings Challengers 0304"]
[Site "Hastings"]
[Date "2003.12.31"]
[Round "4"]
[White "Bleis, Christian"]
[Black "Kuzmin, Gennadi P"]
[Result "0-1"]
[WhiteElo "2258"]
[BlackElo "2520"]
[PlyCount "73"]
[EventDate "2003.12.28"]
[EventType "swiss"]
[EventRounds "9"]
[EventCountry "ENG"]
[SourceTitle "CBM 098 Extra"]
[Source "ChessBase"]
[SourceDate "2004.03.10"]
[SourceVersion "2"]
[SourceVersionDate "2004.03.10"]
[SourceQuality "1"]

1. d4 Nf6 2. c4 e6 3. Nc3 c5 4. d5 exd5 5. cxd5 d6 6. Nf3 g6 7. Nd2 Nbd7 8. e4 Bg7 9. Be2 0-0 10. 0-0 Re8 11. h3 g5 12. Nc4 Nxe4 13. Nxe4 Rxe4 14. Nxd6 Rd4 15. Qc2 Rxd5 16. Nxf7 Kxf7 17. f4 g4 18. Bxg4 Bd4+ 19. Kh1 Nf6 20. Bf3 Bf5 21. Qb3 Qd7 22. Be3 c4 23. Qxc4 Bxe3 24. Rad1 Be6 25. f5 Rxd1 26. fxe6+ Qxe6 27. Qxe6+ Kxe6 28. Rxd1 Bf4 29. b3 Rb8 30. g4 b6 31. Rd4 Ke5 32. Ra4 Rc8 33. Rxa7 Be3 34. Kg2 Rc2+ 35. Kf1 Rf2+ 36. Ke1 Rxf3 37. Ke2 0-1

[Event "Politiken Cup 25th"]
[Site "Copenhagen"]
[Date "2003.07.23"]
[Round "9"]
[White "Larsen, Allan"]
[Black "Bleis, Christian"]
[Result "0-1"]
[WhiteElo "2160"]
[BlackElo "2252"]
[PlyCount "80"]
[EventDate "2003.07.14"]
[EventType "swiss"]
[EventRounds "11"]
[EventCountry "DEN"]
[SourceTitle "CBM 095 Extra"]
[Source "ChessBase"]
[SourceDate "2003.09.04"]
[SourceVersion "1"]
[SourceVersionDate "2003.09.04"]
[SourceQuality "1"]

1. e4 c5 2. Nf3 d6 3. d3 g6 4. g3 Bg7 5. Bg2 Nc6 6. 0-0 e6 7. c3 Nge7 8. Na3 Rb8 9. Nc2 d5 10. Qe2 dxe4 11. dxe4 0-0 12. Bf4 e5 13. Be3 Qa5 14. Rfd1 b6 15. Bf1 Qa4 16. Nfe1 Qxe4 17. b3 Qg4 18. Qd2 Bb7 19. h3 Qe6 20. Bg2 Rbd8 21. Qe2 e4 22. Bd2 f5 23. Rac1 Ne5 24. Be3 Nd5 25. Na3 h6 26. c4 Nb4 27. Rxd8 Rxd8 28. Rd1 Rxd1 29. Qxd1 Kh7 30. Qd8 a6 31. Nac2 Nxa2 32. Qc7 Qc6 33. Qe7 Qd7 34. Qh4 a5 35. Bf4 Nf7 36. Ne3 g5 37. Qh5 gxf4 38. Nxf5 f3 39. Bf1 Qe6 40. Qg4 Qg6 0-1

[Event "Politiken Cup 25th"]
[Site "Copenhagen"]
[Date "2003.07.18"]
[Round "5"]
[White "Mortensen, Henrik"]
[Black "Bleis, Christian"]
[Result "0-1"]
[WhiteElo "2027"]
[BlackElo "2252"]
[PlyCount "72"]
[EventDate "2003.07.14"]
[EventType "swiss"]
[EventRounds "11"]
[EventCountry "DEN"]
[SourceTitle "CBM 095 Extra"]
[Source "ChessBase"]
[SourceDate "2003.09.04"]
[SourceVersion "1"]
[SourceVersionDate "2003.09.04"]
[SourceQuality "1"]

1. d4 Nf6 2. Nf3 c5 3. e3 b6 4. Bd3 Bb7 5. Nbd2 g6 6. 0-0 Bg7 7. Re1 0-0 8. c3 d6 9. e4 Nc6 10. Nf1 Nd7 11. Be3 e5 12. d5 Ne7 13. c4 h6 14. Qd2 Kh7 15. g4 Nf6 16. h3 Nxe4 17. Bxe4 f5 18. gxf5 gxf5 19. Bc2 Ng6 20. Ng3 Bc8 21. Nh5 f4 22. Bxf4 exf4 23. Nxf4 Bf5 24. Nxg6 Bxg6 25. Bxg6+ Kxg6 26. Qd3+ Kf7 27. Re6 Kg8 28. Rae1 Rf4 29. Qg6 Rf7 30. Rxd6 Qf8 31. Re3 Rxf3 32. Rde6 Rf6 33. Qg2 Rxe6 34. dxe6 Re8 35. Qd5 Qe7 36. f4 Bd4 0-1

[Event "Oberliga Nord W 0203"]
[Site "Germany"]
[Date "2003.02.09"]
[Round "6.3"]
[White "Bleis, Christian"]
[Black "Behr, Ralf"]
[Result "1-0"]
[WhiteElo "2139"]
[BlackElo "2161"]
[PlyCount "55"]
[EventDate "2002.10.20"]
[EventType "team-tourn"]
[EventRounds "9"]
[EventCountry "GER"]
[SourceTitle "EXT 2004"]
[Source "ChessBase"]
[SourceDate "2003.11.25"]
[SourceVersion "1"]
[SourceVersionDate "2003.11.25"]
[SourceQuality "1"]
[WhiteTeam "Goettingen Tempo"]
[BlackTeam "Braunschweig"]
[WhiteTeamCountry "GER"]
[BlackTeamCountry "GER"]

1. d4 Nf6 2. c4 e5 3. dxe5 Ng4 4. e6 dxe6 5. Qxd8+ Kxd8 6. a3 Bc5 7. e3 a5 8. Nc3 Bd7 9. Be2 h5 10. h3 Nf6 11. Nf3 Ke7 12. Ne5 Bd6 13. Nd3 Na6 14. e4 e5 15. Bg5 c6 16. f4 Ke6 17. 0-0-0 Rad8 18. c5 Bc7 19. Nxe5 Nxc5 20. Bc4+ Ke7 21. Nxf7 b5 22. Nxh8 bxc4 23. Ng6+ Kf7 24. Ne5+ Ke6 25. Nxc4 Rb8 26. Rhe1 Be8 27. f5+ Ke7 28. e5 1-0